| 000 | 01147cam a2200277 a 4500 | ||
|---|---|---|---|
| 001 | 000012437 | ||
| 005 | 20220321135113.0 | ||
| 008 | 010212s1998 ag ad b 100 0 spa | ||
| 010 | _a2001331379 | ||
| 020 | _a9501630889 | ||
| 035 | _a(AgBaFGC)gc 960914360001 | ||
| 040 |
_aDO-SdBNP _cDLC _dDLC |
||
| 042 | _apcc | ||
| 082 |
_a370 _bC749e |
||
| 111 | 2 |
_aCongreso Iberoamericano de Educación _n(1a : _d1997 : _cBuenos Aires, Argentina) _929133 |
|
| 245 | 1 | 4 |
_aLas transformaciones educativas : _btres desafíos : democracia, desarrollo e integración / _cJ. Torreblanca ... [et al.] ; compilador, Daniel Filmus. |
| 260 |
_aBuenos Aires : _bTroquel : _bOrganización de Estados Iberoamericanos, _c1998. |
||
| 300 |
_a472 p. : _bil., diagr. ; _c21 cm. |
||
| 504 | _aIncluye referencias bibliográficas. | ||
| 650 | 4 |
_aEducación _xAspectos económicos _zAmérica Latina _vCONGRESOS. _929134 |
|
| 700 | 1 |
_aTorreblanca, J. _q(Jose) _929135 |
|
| 700 | 1 |
_aFilmus, Daniel. _etr. _929136 |
|
| 710 | 2 |
_aOrganización de Estados Iberoamericanos para la Educación, la Ciencia y la Cultura _929137 |
|
| 910 | _aCatalogación por copia / LC | ||
| 049 | _aBNGR | ||
| 999 |
_c12094 _d12094 |
||